书目信息 |
| 题名: |
管理会计
|
|
| 作者: | 于树彬 主编 | |
| 分册: | ||
| 出版信息: | 大连 东北财经大学出版社 2002 |
|
| 页数: | 216页 | |
| 开本: | 23cm | |
| 丛书名: | ||
| 单 册: | ||
| 中图分类: | F234.3 | |
| 科图分类: | ||
| 主题词: | 管理会计--高等教育--教材 , CT--S027608--管理会计 | |
| 电子资源: | ||
| ISBN: | 7-81084-107-6 | |
| 000 | 00807nam0 2200241 45 | |
| 001 | 012002068493 | |
| 005 | 20070729093913.92 | |
| 010 | @a7-81084-107-6@dCNY20.00 | |
| 100 | @a20020902d2002 em y0chiy0110 ea | |
| 101 | 0 | @achi |
| 102 | @aCN@b210000 | |
| 105 | @ay z 000yy | |
| 200 | 1 | @a管理会计@Aguan li kuai ji@f于树彬等主编 |
| 210 | @a大连@c东北财经大学出版社@d2002 | |
| 215 | @a216页@d23cm | |
| 300 | @a21世纪高职高专会计专业主干课程教材 | |
| 330 | @a本书介绍了当代管理会计的基本原理和方法,使读者对它的基本内容和主要特点有一个全面的了解。书中还运用了大量的图表和例解来具体阐述较为复杂的问题。 | |
| 606 | 0 | @a管理会计@x高等教育@j教材 |
| 606 | 0 | @2CT@3S027608@a管理会计 |
| 690 | @aF234.3@v4 | |
| 701 | 0 | @a于树彬@Ayu shu bin@4主编 |
| 801 | 0 | @aCN@bNLC@c20070729 |
| 905 | @a10447@dF234.3@e313 | |
| 管理会计/于树彬等主编.-大连:东北财经大学出版社,2002 |
| 216页;23cm |
| 21世纪高职高专会计专业主干课程教材 |
| ISBN 7-81084-107-6:CNY20.00 |
| 本书介绍了当代管理会计的基本原理和方法,使读者对它的基本内容和主要特点有一个全面的了解。书中还运用了大量的图表和例解来具体阐述较为复杂的问题。 |
| ● |
| 相关链接 |
|
|
|
|
正题名:管理会计
索取号:F234.3/313
 
预约/预借
| 序号 | 登录号 | 条形码 | 馆藏地/架位号 | 状态 | 备注 |
| 1 | 0784872 | 207848720 | 第一借阅区/ [索取号:F234.3/313] | 在馆 | |
| 2 | 0785158 | 207851582 | 第一样本阅览室/ [索取号:F234.3/313] | 在馆 | |
| 3 | 0785159 | 207851591 | 第一借阅区/ [索取号:F234.3/313] | 在馆 |